|
|
|
|
| LEADER |
00000nam0a2200000 4500 |
| 001 |
134807 |
| 005 |
20231031135843.0 |
| 010 |
|
|
|a 9785811227303
|
| 035 |
|
|
|a (RuTPU)RU\TPU\book\146116
|
| 090 |
|
|
|a 134807
|
| 100 |
|
|
|a 20080404d2007 m y0engy50 ba
|
| 101 |
0 |
|
|a eng
|
| 102 |
|
|
|a RU
|
| 105 |
|
|
|a y z 000ay
|
| 200 |
1 |
|
|a Cade
|f J. H. Chase
|
| 210 |
|
|
|a Москва
|c Айрис-пресс
|d 2007
|
| 215 |
|
|
|a 320 p.
|
| 225 |
1 |
|
|a Читаем в оригинале
|
| 300 |
|
|
|a Книга на английском языке.
|
| 330 |
|
|
|a Книга представляет собой один из интереснейших детективных романов Джеймса Хедли Чейза, пользующегося неизменной популярностью у читателя. Неослабевающая до самого конца напряженность сюжета и современный живой английский язык не только доставят читателям большое удовольствие, по и послужат совершенствованию знания английского языка. В конце книги помещен лексикр-грамматический и лингвострановедческий комментарий.
|
| 610 |
1 |
|
|a американская литература
|
| 610 |
1 |
|
|a романы
|
| 610 |
1 |
|
|a детективы
|
| 610 |
1 |
|
|a английский язык
|
| 675 |
|
|
|a 82
|v 3
|
| 700 |
|
1 |
|a Chase
|b J. H.
|g James Hadley
|
| 801 |
|
1 |
|a RU
|b 63413507
|c 20080404
|g PSBO
|
| 801 |
|
2 |
|a RU
|b 63413507
|c 20081013
|g PSBO
|
| 942 |
|
|
|c BK
|
| 959 |
|
|
|a 39/20080403
|d 1
|e 56,70
|f ХФ:1
|